| 000 | 00700nam a2200205 a 4500 | ||
|---|---|---|---|
| 005 | 20210223121723.0 | ||
| 008 | 991125s1980 mx 000 0 spa u | ||
| 035 | _aUPN01000022647 | ||
| 049 | _aSEP | ||
| 050 | 4 |
_aLA427.5 _bB4.4 |
|
| 111 | 2 |
_aSeminario Nacional sobre Planeación y Administración de la Educación Superior _d(1980 : _cAguascalientes) _929996 |
|
| 245 | 1 | 0 |
_aEstructura y organización / _cVíctor M. Bendimez Serrano. |
| 260 |
_a[Aguascalientes] : _bANUIES : _bSEP, _c1980. |
||
| 300 | _a40 h. | ||
| 500 | _a"Plan Nacional de Educación Superior" | ||
| 500 | _a"Universidad Autónoma de Aguascalientes" | ||
| 500 | _aFotocopia | ||
| 650 | 4 |
_aORGANIZACION _914933 |
|
| 905 | _aLibro | ||
| 999 |
_c22647 _d22647 |
||